[Event "Washington Open"]
[Site "Chess.com"]
[Date "2021.05.30"]
[Round "3"]
[White "Bell, Harry"]
[Black "Yadav, Arjun"]
[Result "1-0"]
[WhiteElo "2000"]
[BlackElo "553"]
[Annotator "Harry Bell"]
[PlyCount "152"]
[EventDate "2021.05.29"]
[TimeControl "6000+30"]

{[%evp 0,88,19,-12,11,10,10,-8,7,13,7,-27,-12,-19,-7,0,9,-5,-12,-27,0,-20,0,
-18,-24,-16,-18,-12,26,0,39,-34,48,-34,1,-14,-69,-22,-42,-55,-23,-34,0,-28,-2,
-3,20,13,4,6,2,-19,0,0,13,7,17,21,6,0,42,0,25,-3,-7,-7,30,14,26,18,34,28,46,
-20,68,68,75,73,96,103,125,123,101,39,120,112,117,118,119,117,111]} 1. c4 c5 2.
Nc3 Nc6 3. g3 g6 4. Bg2 Bg7 5. e4 d6 6. Nge2 a6 7. O-O Rb8 8. a4 Nf6 9. d3 h5
10. h3 Bd7 11. Nd5 O-O 12. Be3 e6 13. Ndc3 Nb4 14. Qd2 $2 (14. e5 dxe5 15. Bxc5
{wins the exchange for a pawn.}) 14... Bc6 15. e5 $2 {Now this is not good.}
Nh7 16. exd6 Qxd6 17. d4 Bxg2 18. Kxg2 cxd4 19. Nxd4 Rfd8 20. Rfd1 Bxd4 $2 (
20... Qc5 21. Nf3 Rxd2 22. Bxc5 Rxb2 {puts white a clean pawn ahead}) 21. Qxd4
Qxd4 22. Rxd4 Rxd4 23. Bxd4 Rd8 24. Rd1 Nc2 25. Bb6 Rxd1 26. Nxd1 Kf8 27. Bc5+
{Now the knight on c2 will be hard pressed to escape} Ke8 28. Ne3 Ne1+ 29. Kf1
Nd3 30. Bd4 Kd7 $2 (30... e5 $2) 31. Nc2 Kd6 32. Ke2 Nc1+ 33. Ke3 e5 34. Bc3
Na2 35. Bd2 Kc5 36. Kd3 $2 (36. b3) 36... Nf6 $2 (36... e4+) 37. b4+ Kc6 38. f3
Nd7 39. Ne3 b5 40. axb5+ axb5 41. c5 Nb8 42. Kc2 Na6 43. Kb3 N2xb4 44. Bxb4
Nxc5+ 45. Kc3 Ne6 46. Be7 Nd4 47. f4 exf4 48. Kxd4 fxe3 49. Kxe3 Kd5 50. Kf4
Ke6 51. Bb4 f6 52. Ke4 g5 53. Kd4 Kf5 54. Be7 Ke6 55. Bd8 $2 (55. Bb4) 55... g4
$4 56. h4 {Now the win is easy.} f5 57. Bc7 Kd7 58. Bf4 Ke6 59. Kc5 Kf6 60.
Kxb5 Ke6 61. Kc5 Kf7 62. Kd6 Kg6 63. Ke6 Kg7 64. Kxf5 Kf7 65. Kg5 Kg7 66. Kxh5
Kh7 67. Kxg4 Kg6 68. h5+ Kg7 69. Kf5 Kh8 70. g4 Kh7 71. g5 Kg8 72. Kg6 Kh8 73.
h6 Kg8 74. h7+ Kf8 75. h8=Q+ Ke7 76. Qf6+ Kd7 {hbell11 won by resignation Game
may have continued...} (76... Kd7 77. Kf7 Kc8 78. Qc6+ Kd8 79. Qc7# {[%eval
32762,0]}) 1-0

[Event "Washington Open"]
[Site "Chess.com"]
[Date "2021.05.29"]
[Round "1"]
[White "Gajcowski, Hannah Nami"]
[Black "Johnson, Cleveland"]
[Result "1-0"]
[WhiteElo "608"]
[BlackElo "1379"]
[Annotator "Hannah Nami Gajcowski"]
[PlyCount "63"]
[EventDate "2021.05.29"]

{[%evp 0,63,19,31,14,1,16,15,21,-10,11,13,32,4,-2,-16,26,18,15,-11,-8,48,48,35,
38,39,24,115,129,-45,245,-118,-83,108,111,124,128,128,133,134,289,284,268,272,
406,415,428,450,620,762,29995,388,29995,436,436,311,303,300,359,375,401,422,
422,433,433,407]} 1. d4 Nf6 2. c4 e6 3. Nc3 Bb4 4. Bg5 O-O 5. Nf3 b6 6. a3
Bxc3+ 7. bxc3 Ba6 8. e4 {Here, I wanted to take control of the d5-square since
my opponent hadn’t moved their pawn to take over that center square. I was
also preparing e5, which would win the pinned f6-knight.} h6 9. Bh4 g5 10. Nxg5
{Since Black was castled kingside, I wanted to break open the pawn structure
as well as keep the pin on the knight.} hxg5 11. Bxg5 d6 {This is the best
move here to prevent e5, which would win the knight.} 12. Bd3 Nbd7 13. O-O e5
14. d5 ({Right here I could've played} 14. f4 $1 exd4 15. cxd4 {getting the
ultimate pawn structure.}) 14... Nc5 15. Re1 Bc8 16. Re3 Bg4 17. Bxf6 {Instead
of trading queens coming out a bishop ahead, I could’ve kept the queens on
the board because of the open black king.} Bxd1 18. Bxd8 Nxd3 19. Rxd3 Be2 20.
Rg3+ Kh7 21. Bxc7 Rac8 22. Bxd6 Rfe8 23. Re1 Bxc4 24. Ree3 Rcd8 25. Bb4 $4 {
Here I could’ve gone Rh3+, followed by a check on the g-file and a mate on
the h6 square.} ({Here I could've gone} 25. Rh3+ Kg6 26. Reg3+ Kf6 27. Rh6#)
25... a5 {Here I saw the mate! However, I thought that I had found a faster
mate.} 26. Rg4 Re6 {I had missed this move! If I took the rook, then I would
suffer from a back rank mate.} 27. h3 {This was to stop the mate.} Rg6 28. Rxg6
Kxg6 29. Be7 Rd7 30. Rg3+ Kh7 31. Bf6 Kh6 32. Bxe5 1-0

[Event "Washington Open"]
[Site "Chess.com"]
[Date "2021.05.29"]
[Round "2"]
[White "Van Weerdhuizen, Lane"]
[Black "Ackerman, Ryan"]
[Result "1-0"]
[WhiteElo "1878"]
[BlackElo "1922"]
[Annotator "Lane Van Weerdhuizen"]
[PlyCount "43"]
[EventDate "2021.05.29"]

{[%evp 0,43,19,38,25,5,3,-51,2,-70,-55,-21,-40,-79,-88,-156,-123,-120,-126,
-126,-126,-163,-119,-153,41,19,11,11,131,117,122,81,35,36,52,0,248,248,483,483,
1278,1278,2366,2365,2403,2593] Ackerman and myself were playing a rematch.
Having just played against each other in the Washington Invitational back in
February. This time I had the white pieces. I think this is the first time
Northwest Chess will ever have a Danish Gambit game submitted to them! I just
started using chess engines recently and I’m noticing engines really dislike
my gambits. But I enjoy forcing my opponent to continually find the best move
to refute a gambit!} 1. e4 e5 2. d4 exd4 3. c3 dxc3 {One of the best ways to
neutralize this gambit is ...d5 instead of ...dxc3. If I played Nxc3, this
turns into the Goring Gambit. My next move is what turns this into the Danish
Gambit.} 4. Bc4 cxb2 5. Bxb2 {This is such a fun opening having a really
strong pair of bishops targeting some key diagonals. Along with my queen
controlling a half-open d-file, my development and center control are superb.}
Nf6 6. Nc3 Bb4 7. Bxf7+ (7. e5 {is also playable but can turn into some
counter attacking with} d5) ({Analysis prefers} 7. Qb3 {here instead of Bxf7+.}
{This forces} Bxc3+ {followed by} 8. Qxc3 {and some strong diagonal control. I
didn’t want to let Ackerman castle and saw an opportunity to win a pawn back!
}) 7... Kxf7 8. Qb3+ d5 {...d5 is a great move here as it lets Black gain some
center control.} 9. Qxb4 Nc6 10. Qb3 Nd4 11. Qa4 {Black has done a great job
here developing his knight with tempo. Analysis shows Black at a 3.3 advantage
here until Black’s next move. Black’s best move here was ...c5. This move
gives black more space, protects the Knight on d4, and limits white’s Queen
movement.} dxe4 {This mistake turns analysis into +0.0, which is fantastic for
a position where White is technically down two pawns. My next move was bold
and felt, perhaps, too aggressive. But ended up being the best move!} 12. O-O-O
c5 {Pinning the knight and forcing Black to play ...c5 sets up my next plan of
trying to remove the new defender for the knight.} 13. Qc4+ Kg6 $2 {This move
was questionable. Black needs to develop his bishop to e6. Analysis just went
from +0 to +3.3.} 14. Qxc5 Ne6 $1 {Ackerman found a move that really shocked
me here. I looked at Rxd8, Rxh8, but I saw Black could play ...Nxc5, ...Nd3+,
and ...Nxf2 trapping my Rook. Ackerman and I actually looked at this line, and
it ended up with a +3 advantage for White. I missed this and thought Ackerman
had found a genius escape. I elected to avoid trading pieces to keep my attack
going.} 15. Qe5 Qc7 {Black tries to trade queens while getting his queen to a
stronger square. We are now back at +0.4 as I missed the previous move of Rxd8,
anticipating Qc7, I already had my next move planned out.} 16. Rd6 Re8 17. f4 {
This move looks kind of crazy but my goal here is to develop my g1-knight and
also keep my initiative while threatening f5+. Analysis thought this move and
Qg3+ were equal.} exf3 {This move was a blunder and turned my advantage to +3.
8. My knight is now really strong and my rook is now able to get into the game.
Black’s best move here was a hard-to-find ...Qc5.} 18. Nxf3 Qc4 $2 {The goal
of this move was to try to play ...Qf4+ and force a queen trade. Unfortunately,
this move gave my knight a key square to move to and cause a couple of forks
with potential Ne5+.} 19. Qg3+ Kh6 20. Rxe6 g6 21. Qg5+ Kg7 22. Qxf6+ 1-0